000 00483nam a2200241Ia 4500
005 20260127112859.0
008 008 260114s9999 xx 000 0 eng d
037 _aTextbook
040 _aPSDL
040 _beng
040 _cPSDL
041 _2eng
041 _aeng
084 _aY:45
084 _qPSDL
245 0 _aVoilence
260 _bPalgrave
300 _a323p.
942 _cTB
942 _hY:45
999 _c1672714
_d1672714